000 00661nam a2200253Ia 4500
005 20260121161151.0
008 008 260114s9999 xx 000 0 eng d
020 _a9781003409540
037 _aEBOOK
040 _aCRL
040 _beng
040 _cCRL
041 _2eng
041 _aeng
084 _qCRL
100 _aDavid Fraser
_91041044
245 0 _aNazi Antisemitism and Jewish Legal Self-Defense:The Turn to Law in Liberal Democracies, 1932–39
260 _bTaylor and Francis
260 _c2024
856 _uhttp://www.taylorfrancis.com/books/9781003409540
942 _cEBOOK
999 _c1607860
_d1607860